000 00505nam a2200169 4500
001 112186
003 ES-MaACL
005 20230906185450.0
007 t|
008 061121s1984 sp r ||||1| spa d
100 1 _aOrtega, Pelayo.
_987426
245 1 0 _aObra realizada en 1983 /
_cPelayo Ortega.
260 _aOviedo :
_bMuseo de Bellas Artes de Asturias,
_c1984.
300 _a20 h., lám. ;
_c25 cm.
710 2 _aMuseo de Bellas Artes de Asturias.
_95843
852 _aES-MaACL
_j2133-F-13
_bR.106209
999 _c112186
_d112186